| 000 | 00000nas##2200000za#4500 |
| 001 | 9.501581 |
| 003 | CaOODSP |
| 005 | 20210507160750 |
| 007 | cr ||||||||||| |
| 008 | 150406c2006||||xxc|| m o||||f| |0fre|d |
| 040 | |aCaOODSP|bfre |
| 043 | |an-cn--- |
| 086 | 1 |aCW69-20F-PDF |
| 110 | 2 |aService canadien de la faune. |
| 245 | 10|aPublication spéciale (Service canadien de la faune) |h[ressource électronique] |
| 260 | |aOttawa - Ontario : |bEnvironnement Canada. |
| 310 | |aIrrégulier |
| 691 | 07|aFaune|2gcpds |
| 775 | 08|tSpecial publication (Canadian Wildlife Service) |w(CaOODSP)9.505181 |
| 776 | 0#|tPublication spéciale (Service canadien de la faune) |w(CaOODSP)9.513835 |